[Event "241st YMCA Spring B"]
[Site "Warsaw"]
[Date "2021.05.12"]
[Round "5"]
[White "Jaroszuk, Marcin"]
[Black "Kuznik, Kamil"]
[Result "1/2-1/2"]
[WhiteElo "1544"]
[BlackElo "1505"]
[PlyCount "142"]
[EventDate "2021.04.14"]
[EventType "tourn"]
[EventRounds "1"]
[EventCountry "POL"]
[SourceDate "2021.04.14"]

1. Nf3 d5 2. g3 Nf6 3. Bg2 c6 4. O-O Bg4 5. Ne5 Bf5 6. d4 Nbd7 7. c4 e6 8. Nc3
Be7 9. Re1 Nxe5 10. dxe5 Ng4 11. e4 dxe4 12. Bxe4 Nxe5 13. Bf4 Bxe4 14. Bxe5
Bd3 15. Qg4 Bg6 16. Bxg7 Rg8 17. Bh6 Qb6 18. Qe2 Rd8 19. Rad1 Qc5 20. Be3 Qf5
21. Rxd8+ Bxd8 22. Bxa7 h5 23. Ne4 Bc7 24. Bb6 Be5 25. Qd2 Kf8 26. Bc5+ Kg7 27.
Bd4 h4 28. Bxe5+ Qxe5 29. Ng5 Qf6 30. Qe3 hxg3 31. hxg3 Qxb2 32. Kg2 Rh8 33.
Rh1 Rxh1 34. Kxh1 b5 35. cxb5 Qxb5 36. Kg2 Qd5+ 37. Kg1 c5 38. a4 Qd1+ 39. Kg2
Qd5+ 40. Kg1 c4 41. Qc3+ e5 42. Nf3 f6 43. a5 Be4 44. Nd2 Bd3 45. a6 Qc5 46. a7
Qxa7 47. Nxc4 $11 Qd4 48. Qxd4 exd4 49. Nd2 Kg6 50. Kg2 Be2 51. Nf3 d3 52. Nd2
Kf5 53. f4 Ke6 54. Kf2 Kd5 55. Ke3 f5 56. Nb1 Kc4 57. Kd2 Kd4 58. Nc3 Bf1 59.
Nd1 Ke4 60. Nf2+ Kf3 61. Nxd3 Kxg3 62. Nc5 Kxf4 63. Ke1 Bc4 64. Kf2 Ke5 65. Na4
Ke4 66. Nb2 Bb5 67. Nd1 Bc6 68. Ne3 f4 69. Ng2 f3 70. Nh4 Kf4 71. Nxf3 Bxf3
1/2-1/2

[Event "241st YMCA Spring B"]
[Site "Warsaw"]
[Date "2021.05.12"]
[Round "6"]
[White "Safanowski, Tomasz"]
[Black "Kwiek, Janusz"]
[Result "0-1"]
[WhiteElo "1771"]
[BlackElo "1488"]
[PlyCount "92"]
[EventDate "2021.04.14"]
[EventType "tourn"]
[EventRounds "1"]
[EventCountry "POL"]
[SourceDate "2021.04.14"]

1. d4 Nf6 2. Nf3 e6 3. c4 d5 4. Nc3 Be7 5. Bg5 O-O 6. e3 Nbd7 7. Rc1 c6 8. Bd3
h6 9. Bh4 a5 10. cxd5 exd5 11. O-O Ne4 12. Bxe7 Qxe7 13. Bxe4 dxe4 14. Nd2 f5
15. d5 Ne5 16. dxc6 bxc6 17. Qa4 Ba6 18. Rfd1 Qb4 19. a3 Qxa4 20. Nxa4 Be2 21.
Nb3 Bxd1 22. Rxd1 Rfd8 23. Rc1 Rd6 24. Kf1 g6 25. Rc2 Kf7 26. Ke2 Ke7 27. f3
exf3+ 28. gxf3 g5 29. Rc5 Rd5 30. Rc3 Ra6 31. h3 h5 32. Nbc5 Ra7 33. Nb6 Rd8
34. f4 gxf4 35. exf4 Ng6 36. Re3+ Kf7 37. Ne6 Rb8 38. Nc4 Re7 39. Nd4 Nxf4+ 40.
Kf3 Rxe3+ 41. Kxe3 Nd5+ 42. Kf3 Ne7 43. Kf4 Kf6 44. h4 c5 45. Ne2 Nd5+ 46. Kf3
a4 0-1

[Event "241st YMCA Spring B"]
[Site "Warsaw"]
[Date "2021.05.20"]
[Round "6"]
[White "Szumigaj, Marcin"]
[Black "Jaroszuk, Marcin"]
[Result "1-0"]
[WhiteElo "1460"]
[BlackElo "1544"]
[PlyCount "77"]
[EventDate "2021.04.14"]
[EventType "tourn"]
[EventRounds "1"]
[EventCountry "POL"]
[SourceDate "2021.04.14"]

1. e4 e5 2. Nf3 Nc6 3. d4 exd4 4. Nxd4 Nf6 5. Nxc6 bxc6 6. e5 Qe7 7. Qe2 Nd5 8.
c4 Ba6 9. b3 Qh4 10. a3 Bc5 11. Ra2 Nf4 12. Qf3 Ne6 13. Be3 Nd4 14. Qd1 Ne6 15.
Bxc5 Nxc5 16. Nc3 Rb8 17. b4 Ne4 18. Qd4 f5 19. Bd3 O-O 20. O-O Rbe8 21. f3
Nxc3 22. Qxh4 Nxa2 23. Qd4 c5 24. Qb2 Nxb4 25. axb4 cxb4 26. Qxb4 Rxe5 27. Ra1
Re6 28. Qc5 Rc6 29. Qxa7 Bxc4 30. Bxc4+ Rxc4 31. Rb1 d5 32. Qa5 c6 33. Re1 Rc2
34. Qa4 Rc4 35. Qa7 h6 36. Re7 Rc1+ 37. Kf2 Rc2+ 38. Kg3 f4+ 39. Kh3 1-0

[Event "241st YMCA Spring B"]
[Site "Warsaw"]
[Date "2021.05.21"]
[Round "6"]
[White "Sloniewska, Alicja"]
[Black "Mazurek, Jerzy"]
[Result "0-1"]
[WhiteElo "1614"]
[BlackElo "1673"]
[PlyCount "66"]
[EventDate "2021.04.14"]
[EventType "tourn"]
[EventRounds "1"]
[EventCountry "POL"]
[SourceDate "2021.04.14"]

1. d4 d5 2. c4 e6 3. Nc3 Be7 4. cxd5 exd5 5. Nf3 Nf6 6. Bg5 c6 7. e3 Bf5 8. Bd3
Bxd3 9. Qxd3 Nbd7 10. O-O O-O 11. Rab1 a5 12. b3 Ne4 13. Bxe7 Qxe7 14. Nd2 Rfe8
15. Rfe1 Qh4 16. f3 Qf2+ 17. Kh1 Ng3+ 18. hxg3 Re6 19. Qf5 Rh6+ 20. Qh3 Rxh3+
21. gxh3 Qxd2 22. Rbc1 Re8 23. e4 Qf2 24. Rf1 Qxg3 25. Rc2 Nf6 26. e5 Nh5 27.
Rg2 Qxh3+ 28. Kg1 Nf4 29. Rg4 Re6 30. Kf2 Qh2+ 31. Ke3 Qc2 32. Kxf4 Qxc3 33.
Kg3 Rg6 0-1

[Event "241st YMCA Spring B"]
[Site "Warsaw"]
[Date "2021.05.20"]
[Round "6"]
[White "Dropia, Rafal"]
[Black "Nawalaniec, Adam"]
[Result "0-1"]
[WhiteElo "1567"]
[BlackElo "1639"]
[PlyCount "94"]
[EventDate "2021.04.14"]
[EventType "tourn"]
[EventRounds "1"]
[EventCountry "POL"]
[SourceDate "2021.04.14"]

1. d4 d5 2. Bf4 Nf6 3. e3 g6 4. Nc3 Bg7 5. Nf3 O-O 6. h3 b6 7. Be2 Bb7 8. Ne5
Nbd7 9. Ng4 Rc8 10. Qd2 c5 11. O-O-O c4 12. Bh6 b5 13. Bxg7 Kxg7 14. Nb1 Ne4
15. Qe1 c3 16. f3 Qa5 17. fxe4 cxb2+ 18. Kxb2 Rxc2+ 19. Kxc2 Qxa2+ 20. Kc1 Rc8+
21. Qc3 Qxe2 22. Qxc8 Bxc8 23. Rd2 Qc4+ 24. Rc2 Qb4 25. Rxc8 Nb6 26. Rc2 Nc4
27. exd5 a5 28. Ne5 Nxe3 29. Nc6 Qb3 30. Rc3 Qxd5 31. Re1 Nc4 32. Nxe7 Qxg2 33.
Rc2 Qg5+ 34. Nd2 Qg3 35. Rd1 Qa3+ 36. Kb1 Ne3 37. Re1 Qxe7 38. Nb3 Qe4 39. Ree2
Qd3 40. Nc1 Qxd4 41. Rcd2 Qb4+ 42. Rb2 Qe4+ 43. Ka2 Qc4+ 44. Kb1 Nd1 45. Rec2
Nc3+ 46. Ka1 Qa4+ 47. Na2 Nd1 0-1

[Event "241st YMCA Spring B"]
[Site "Warsaw"]
[Date "2021.05.27"]
[Round "7"]
[White "Nawalaniec, Adam"]
[Black "Safanowski, Tomasz"]
[Result "1-0"]
[WhiteElo "1639"]
[BlackElo "1771"]
[PlyCount "61"]
[EventDate "2021.04.14"]
[EventType "tourn"]
[EventRounds "1"]
[EventCountry "POL"]
[SourceDate "2021.04.14"]

1. e4 e6 2. d3 Nf6 3. Nd2 d5 4. g3 b6 5. Bg2 c5 6. e5 Nfd7 7. f4 Bb7 8. c4 Nc6
9. a3 g5 10. cxd5 Nd4 11. Ne2 gxf4 12. Nxd4 cxd4 13. O-O fxg3 14. hxg3 Nxe5 15.
dxe6 Bxg2 16. exf7+ Nxf7 17. Qa4+ Qd7 18. Qxd7+ Kxd7 19. Rxf7+ Ke6 20. Rxf8
Rhxf8 21. Kxg2 Kd5 22. Ne4 Rac8 23. Bd2 Rc2 24. Rb1 Rf5 25. g4 Rf4 26. Kg3 Rxe4
27. dxe4+ Kxe4 28. Re1+ Kd5 29. Bf4 d3 30. Re7 Kc4 31. Rxh7 1-0

[Event "241st YMCA Spring B"]
[Site "Warsaw"]
[Date "2021.05.27"]
[Round "7"]
[White "Mazurek, Jerzy"]
[Black "Dropia, Rafal"]
[Result "0-1"]
[WhiteElo "1673"]
[BlackElo "1567"]
[PlyCount "100"]
[EventDate "2021.04.14"]
[EventType "tourn"]
[EventRounds "1"]
[EventCountry "POL"]
[SourceDate "2021.04.14"]

1. c4 d6 2. Nc3 c5 3. g3 Nc6 4. Bg2 Nf6 5. e4 e5 6. d3 g6 7. Nge2 Bg7 8. O-O
Bg4 9. f3 Be6 10. Nd5 O-O 11. Nec3 Bxd5 12. exd5 Nd4 13. Be3 h6 14. Qd2 Kh7 15.
Rab1 Nd7 16. b4 f5 17. bxc5 Nxc5 18. f4 Rb8 19. fxe5 dxe5 20. Nb5 a6 21. Nxd4
exd4 22. Bf2 b5 23. cxb5 Rxb5 24. Rxb5 axb5 25. Rb1 Qb6 26. Qc2 Rc8 27. Rb4 Rc7
28. Qb1 Rb7 29. Rxd4 Bxd4 30. Bxd4 Qd6 31. Qb4 Ne4 32. Qb3 Nc5 33. Qa3 b4 34.
Qa8 Rb8 35. Qa7+ Nd7 36. Qa4 Rc8 37. Qd1 Nf6 38. Qd2 Nxd5 39. Bxd5 Qxd5 40.
Qxb4 Rc1+ 41. Kf2 Rc2+ 42. Ke3 Qe6+ 43. Kf3 Qe2+ 44. Kf4 g5+ 45. Kxf5 Qxd3+ 46.
Ke5 Re2+ 47. Kd5 Qe4+ 48. Kc4 Qc6+ 49. Kb3 Qc2+ 50. Ka3 Qxa2# 0-1

[Event "241st YMCA Spring B"]
[Site "Warsaw"]
[Date "2021.06.04"]
[Round "7"]
[White "Jaroszuk, Marcin"]
[Black "Sloniewska, Alicja"]
[Result "0-1"]
[WhiteElo "1544"]
[BlackElo "1614"]
[PlyCount "96"]
[EventDate "2021.04.14"]
[EventType "tourn"]
[EventRounds "1"]
[EventCountry "POL"]
[SourceDate "2021.04.14"]

1. d4 d5 2. c4 e6 3. Nf3 Nf6 4. Nc3 c6 5. e3 Nbd7 6. Bd3 dxc4 7. Bxc4 b5 8. Be2
a6 9. e4 Bb4 10. Qd3 c5 11. e5 c4 12. Qc2 Nd5 13. O-O Bb7 14. a3 Be7 15. Ne4 h6
16. g4 Nf8 17. g5 Ng6 18. gxh6 gxh6 19. Ne1 Ndf4 20. Bf3 Bd5 21. Bd2 Nh3+ 22.
Kh1 Nh4 23. Bg2 Nxg2 24. Kxg2 Ng5 25. f3 Bxe4 26. fxe4 Qxd4 27. Bxg5 Bxg5 28.
Nf3 Qd8 29. Rad1 Qe7 30. Rd6 Rg8 31. Kh1 Qa7 32. Qd1 Be7 33. Qd2 h5 34. Qh6
Bxd6 35. Qh7 Rf8 36. exd6 Qc5 37. e5 Kd7 38. Ng5 Qd5+ 39. Kg1 Qd4+ 40. Kh1 Qxe5
41. Nxf7 Qd5+ 42. Kg1 Rg8+ 43. Ng5+ Kxd6 44. h4 Rxg5+ 45. hxg5 Qxg5+ 46. Kh1
Qh4+ 47. Kg1 Qg4+ 48. Kh1 Rg8 0-1

[Event "241st YMCA Spring B"]
[Site "Warsaw"]
[Date "2021.05.26"]
[Round "7"]
[White "Kwiek, Janusz"]
[Black "Kuznik, Kamil"]
[Result "1-0"]
[WhiteElo "1488"]
[BlackElo "1505"]
[PlyCount "99"]
[EventDate "2021.04.14"]
[EventType "tourn"]
[EventRounds "1"]
[EventCountry "POL"]
[SourceDate "2021.04.14"]

1. c4 Nf6 2. d4 g6 3. Nc3 d5 4. cxd5 Nxd5 5. e4 Nxc3 6. bxc3 Bg7 7. Nf3 c5 8.
Bb5+ Bd7 9. Bxd7+ Qxd7 10. O-O Nc6 11. Be3 cxd4 12. cxd4 O-O 13. Rb1 Rfd8 14.
d5 Ne5 15. Nxe5 Bxe5 16. Qb3 b6 17. Rfc1 Rac8 18. h3 e6 19. f4 Bg7 20. dxe6
Qxe6 21. Qxe6 fxe6 22. e5 Bf8 23. Kf2 Ba3 24. Rxc8 Rxc8 25. Rd1 Rc2+ 26. Rd2
Rxd2+ 27. Bxd2 Bc5+ 28. Ke2 Kf7 29. Kd3 Ke7 30. Kc4 a6 31. a4 Bf2 32. g4 Kd7
33. Kd3 Kc6 34. Ke4 b5 35. axb5+ axb5 36. f5 gxf5+ 37. gxf5 exf5+ 38. Kxf5 Kd5
39. e6 Bc5 40. Kf6 Kd6 41. Bf4+ Kc6 42. Kf7 b4 43. e7 Bxe7 44. Kxe7 b3 45. Bc1
Kd5 46. Kf6 Ke4 47. h4 Kf3 48. h5 Kg4 49. h6 Kh5 50. Kg7 1-0

[Event "241st YMCA Spring B"]
[Site "Warsaw"]
[Date "2021.06.02"]
[Round "8"]
[White "Safanowski, Tomasz"]
[Black "Kuznik, Kamil"]
[Result "1-0"]
[WhiteElo "1771"]
[BlackElo "1505"]
[PlyCount "63"]
[EventDate "2021.04.14"]
[EventType "tourn"]
[EventRounds "1"]
[EventCountry "POL"]
[SourceDate "2021.04.14"]

1. f4 d5 2. Nf3 c5 3. e3 Nf6 4. b3 g6 5. Bb2 Bg7 6. Be2 O-O 7. O-O Nc6 8. Ne5
Qc7 9. Bf3 Ne4 10. d3 Nxe5 11. Bxe5 Bxe5 12. fxe5 Qxe5 13. d4 Qg5 14. Qe2 cxd4
15. exd4 Bf5 16. c4 Rac8 17. Bxe4 Bxe4 18. Nc3 f5 19. c5 b6 20. b4 Rfd8 21. a4
Bxg2 22. Qe6+ Kf8 23. Rf2 Be4+ 24. Kf1 Qe3 25. Nxe4 Qxe4 26. Re1 Qd3+ 27. Kg2
Rc7 28. Qe5 Rdd7 29. Re3 Qd1 30. Qh8+ Kf7 31. Qxh7+ Kf6 32. Re6+ 1-0

[Event "241st YMCA Spring B"]
[Site "Warsaw"]
[Date "2021.06.03"]
[Round "8"]
[White "Szumigaj, Marcin"]
[Black "Kwiek, Janusz"]
[Result "1/2-1/2"]
[WhiteElo "1460"]
[BlackElo "1488"]
[PlyCount "166"]
[EventDate "2021.04.14"]
[EventType "tourn"]
[EventRounds "1"]
[EventCountry "POL"]
[SourceDate "2021.04.14"]

1. e4 d6 2. d4 e5 3. Nf3 exd4 4. Nxd4 Nf6 5. Nc3 Be7 6. Bd3 Nc6 7. Nxc6 bxc6 8.
O-O O-O 9. Re1 Be6 10. f4 Ne8 11. Qf3 f6 12. Be3 Rb8 13. b3 a5 14. Ne2 Qd7 15.
Nd4 Bf7 16. Nf5 c5 17. Rad1 Be6 18. g4 Bd8 19. Be2 Qf7 20. Ng3 Bd7 21. f5 Kh8
22. Bc4 Qe7 23. a4 Bc6 24. Bd2 Ra8 25. Bc3 Bb7 26. Nh5 c6 27. g5 Ba6 28. Bxa6
Rxa6 29. g6 h6 30. Nf4 Rg8 31. Qd3 Ra8 32. Re3 Bb6 33. Qd2 c4 34. Bd4 Bxd4 35.
Qxd4 cxb3 36. cxb3 Rb8 37. Ne6 Rb4 38. Qd3 Qa7 39. Nd8 Rb7 40. Nxb7 Qxb7 41.
Qc4 Qa7 42. Kf2 c5 43. Kf3 Qe7 44. Qe6 Qb7 45. Kf4 Qb8 46. Kg4 Qb4 47. Qc4 Qa3
48. Qd3 Qb2 49. Re2 Qe5 50. Qg3 Qe7 51. Qc3 Qc7 52. Rd3 Rf8 53. Qc4 Qb6 54.
Ree3 Qc7 55. Rh3 Qe7 56. Rh4 Nc7 57. Rdh3 d5 58. exd5 Qd6 59. Qf4 Qxf4+ 60.
Kxf4 Nxd5+ 61. Ke4 Nb4 62. Rc3 Re8+ 63. Kf3 Re5 64. Kg2 Rxf5 65. Kh3 Rg5 66.
Rg4 Re5 67. Kg3 Kg8 68. Kf3 Kf8 69. Rcc4 Rd5 70. Rge4 Nd3 71. Re6 Ne5+ 72. Rxe5
Rxe5 73. Re4 Rxe4 74. Kxe4 Ke7 75. Kd5 f5 76. Kxc5 Kf6 77. b4 f4 78. bxa5 f3
79. a6 f2 80. a7 f1=Q 81. a8=Q Qf2+ 82. Kb5 Qb2+ 83. Kc4 Qc2+ $11 1/2-1/2

[Event "241st YMCA Spring B"]
[Site "Warsaw"]
[Date "2021.06.01"]
[Round "8"]
[White "Nawalaniec, Adam"]
[Black "Mazurek, Jerzy"]
[Result "1/2-1/2"]
[WhiteElo "1639"]
[BlackElo "1673"]
[PlyCount "118"]
[EventDate "2021.04.14"]
[EventType "tourn"]
[EventRounds "1"]
[EventCountry "POL"]
[SourceDate "2021.04.14"]

1. e4 e5 2. Nf3 Nc6 3. d4 exd4 4. Bc4 Nf6 5. e5 d5 6. Bb5 Ne4 7. Nxd4 Bc5 8.
O-O O-O 9. Bxc6 bxc6 10. Be3 Qe8 11. Re1 Bb6 12. f3 Nc5 13. Nc3 Ne6 14. f4 c5
15. Nxe6 fxe6 16. Qf3 Rb8 17. Ne2 d4 18. Bf2 Qg6 19. Rac1 Ba5 20. Rf1 Rxb2 21.
Qa3 Rb5 22. Qa4 a6 23. c4 dxc3 24. Nxc3 Bb7 25. Bg3 Rb2 26. Rf2 Rxf2 27. Kxf2
Bb6 28. Qc2 c4+ 29. Kf1 Be3 30. Qxg6 hxg6 31. Rc2 g5 32. Ne2 Bd5 33. Ke1 gxf4
34. Bf2 Bb6 35. Nd4 g5 36. g3 c5 37. Ne2 f3 38. Nc3 Rf5 39. Na4 Rxe5+ 40. Kd1
Ba5 41. Nxc5 Be4 42. Rxc4 Rd5+ 43. Kc1 Bf5 44. g4 Bd3 45. Nxd3 Rxd3 46. Rc5
Rc3+ 47. Rxc3 Bxc3 48. Kc2 Be5 49. h3 Ba1 50. Kd3 Kf7 51. Ke4 Kf6 52. Bg3 Bb2
53. Kxf3 Be5 54. Bf2 Ke7 55. Ke4 Bf6 56. Be3 Kd6 57. a4 Kc6 58. Bf2 Kd6 59. Be3
Kc6 1/2-1/2

[Event "241st YMCA Spring B"]
[Site "Warsaw"]
[Date "2021.06.11"]
[Round "9"]
[White "Mazurek, Jerzy"]
[Black "Safanowski, Tomasz"]
[Result "1-0"]
[WhiteElo "1673"]
[BlackElo "1771"]
[PlyCount "57"]
[EventDate "2021.04.14"]
[EventType "tourn"]
[EventRounds "1"]
[EventCountry "POL"]
[SourceDate "2021.04.14"]

1. c4 d6 2. Nc3 e5 3. g3 Nf6 4. Bg2 Be7 5. e4 O-O 6. Nge2 c6 7. O-O Be6 8. d3
d5 9. exd5 cxd5 10. Bg5 Nbd7 11. Nxd5 Bxd5 12. cxd5 Nxd5 13. Bxe7 Nxe7 14. Qa4
Nc5 15. Qa3 Qb6 16. Rac1 Rac8 17. Rc2 Rfd8 18. Rfc1 Nxd3 19. Rxc8 Qxf2+ 20. Kh1
Nxc8 21. Qxd3 Qe1+ 22. Rxe1 Rxd3 23. Nc3 Kf8 24. Rxe5 Rd2 25. Bxb7 Nd6 26. Rd5
Rxb2 27. Rxd6 Rxb7 28. Ra6 Ke7 29. a4 1-0

[Event "241st YMCA Spring B"]
[Site "Warsaw"]
[Date "2021.06.11"]
[Round "9"]
[White "Jaroszuk, Marcin"]
[Black "Nawalaniec, Adam"]
[Result "1-0"]
[WhiteElo "1544"]
[BlackElo "1639"]
[PlyCount "79"]
[EventDate "2021.04.14"]
[EventType "tourn"]
[EventRounds "1"]
[EventCountry "POL"]
[SourceDate "2021.04.14"]

1. Nf3 g6 2. g3 Bg7 3. d4 Nf6 4. Bg2 d5 5. O-O Nc6 6. c4 dxc4 7. Na3 h5 8. Nxc4
Be6 9. Nce5 Nxe5 10. Nxe5 c6 11. Qd3 Qc8 12. e4 Bh3 13. Qb3 O-O 14. Nxg6 Re8
15. Ne5 Be6 16. Qd1 Rd8 17. Be3 Ng4 18. Nxg4 hxg4 19. Qd2 f6 20. Rfd1 Kf7 21.
d5 cxd5 22. exd5 Bf5 23. Rac1 Qd7 24. d6 exd6 25. Qd5+ Be6 26. Qh5+ Kg8 27. Bd5
Bxd5 28. Qxd5+ Kh7 29. Qh5+ Kg8 30. Qd5+ Kh7 31. Bf4 Rac8 32. Qh5+ Kg8 33. Rxc8
Qxc8 34. Qd5+ Kh7 35. Rc1 Qd7 36. Qh5+ Kg8 37. Qd5+ Kh8 38. Re1 Qc6 39. Qh5+
Kg8 40. Re7 1-0

[Event "241st YMCA Spring B"]
[Site "Warsaw"]
[Date "2021.06.09"]
[Round "9"]
[White "Kwiek, Janusz"]
[Black "Sloniewska, Alicja"]
[Result "0-1"]
[WhiteElo "1488"]
[BlackElo "1614"]
[PlyCount "124"]
[EventDate "2021.04.14"]
[EventType "tourn"]
[EventRounds "1"]
[EventCountry "POL"]
[SourceDate "2021.04.14"]

1. c4 f5 2. d4 g6 3. Nc3 Nf6 4. Nf3 Bg7 5. e3 O-O 6. Be2 d6 7. O-O Nbd7 8. Qc2
e5 9. dxe5 dxe5 10. Rd1 Qe7 11. Nb5 Nc5 12. Bd2 a6 13. Nc3 e4 14. Nd4 Ne6 15.
Be1 Rd8 16. Rab1 c5 17. Nxe6 Bxe6 18. Na4 Qc7 19. Rxd8+ Rxd8 20. Rd1 Rxd1 21.
Qxd1 Nd7 22. Bc3 Ne5 23. b3 Kf7 24. Qd2 Ke7 25. Ba5 Qd6 26. Qxd6+ Kxd6 27. f3
Bd7 28. Nb6 Bc6 29. Kf2 Bf6 30. Nc8+ Ke6 31. f4 Nf7 32. g4 h6 33. gxf5+ Kxf5
34. Kg3 h5 35. h4 Ke6 36. Bf1 Nh6 37. Bh3+ Nf5+ 38. Kg2 Bxh4 39. Bb6 Bd7 40.
Na7 Kd6 41. Bxf5 Bxf5 42. Ba5 Be7 43. Bc3 Kc7 44. Ba5+ b6 45. Bc3 Kb7 46. Nb5
axb5 47. cxb5 Bd7 48. Kg3 h4+ 49. Kg2 Bxb5 50. Be1 Bd7 51. Kf1 Kc6 52. Ke2 Kd5
53. Kd2 b5 54. Kc2 Ke6 55. Kd2 Kf5 56. Ke2 Kg4 57. Kf2 h3 58. Bd2 Bh4+ 59. Kg1
Kf3 60. Bc1 Bg3 61. Kh1 h2 62. Ba3 Bh3 0-1

[Event "241st YMCA Spring B"]
[Site "Warsaw"]
[Date "2021.06.09"]
[Round "9"]
[White "Kuznik, Kamil"]
[Black "Szumigaj, Marcin"]
[Result "1-0"]
[WhiteElo "1505"]
[BlackElo "1460"]
[PlyCount "51"]
[EventDate "2021.04.14"]
[EventType "tourn"]
[EventRounds "1"]
[EventCountry "POL"]
[SourceDate "2021.04.14"]

1. e4 c5 2. Nf3 e6 3. d4 cxd4 4. Nxd4 a6 5. Bd3 Nc6 6. Nxc6 bxc6 7. c4 Qc7 8.
O-O Nf6 9. Nc3 Bb7 10. Qe2 d6 11. Bf4 e5 12. Be3 Be7 13. f4 O-O 14. Rac1 exf4
15. Bxf4 Nd7 16. Bb1 Ne5 17. b4 Rad8 18. Bxe5 dxe5 19. c5 Rd4 20. a3 a5 21.
Rcd1 axb4 22. Rxd4 exd4 23. Na4 Qa5 24. Qc2 Ba6 25. e5 Bxf1 26. Qxh7# 1-0

[Event "241st YMCA Spring B pff"]
[Site "Warsaw"]
[Date "2021.06.15"]
[Round "10"]
[White "Nawalaniec, Adam"]
[Black "Sloniewska, Alicja"]
[Result "1-0"]
[WhiteElo "1639"]
[BlackElo "1614"]
[PlyCount "63"]
[EventDate "2021.04.15"]
[EventType "tourn"]
[EventRounds "1"]
[EventCountry "POL"]
[SourceDate "2021.06.10"]

1. e4 c6 2. d3 d5 3. Nd2 e5 4. Ngf3 Bd6 5. g3 Nf6 6. Bg2 O-O 7. O-O h6 8. d4
Nbd7 9. exd5 cxd5 10. dxe5 Nxe5 11. Nxe5 Bxe5 12. Nf3 Bc7 13. Nd4 a6 14. Be3
Bg4 15. Qd2 Qd7 16. f3 Bh5 17. Rae1 Rfe8 18. Kh1 Rac8 19. Bxh6 gxh6 20. Qxh6
Bd8 21. g4 Bg6 22. Nf5 Bxf5 23. gxf5 Rxe1 24. Rxe1 Qd6 25. Bh3 Bb6 26. Re2 Ne4
27. Rg2+ Ng3+ 28. Rxg3+ Qxg3 29. hxg3 Bc5 30. f6 Bf8 31. Qg5+ Kh8 32. Bxc8 1-0

[Event "241st YMCA Spring B pff"]
[Site "Warsaw"]
[Date "2021.06.17"]
[Round "10"]
[White "Mazurek, Jerzy"]
[Black "Dropia, Rafal"]
[Result "1/2-1/2"]
[WhiteElo "1720"]
[BlackElo "1567"]
[PlyCount "67"]
[EventDate "2021.04.15"]
[EventRounds "1"]
[EventCountry "POL"]
[SourceDate "2021.06.10"]

1. c4 e5 2. Nc3 f5 3. g3 Nf6 4. Bg2 g6 5. d3 Bg7 6. e4 d6 7. Nge2 c6 8. O-O O-O
9. exf5 Bxf5 10. d4 Nbd7 11. b3 Kh8 12. a4 Qc7 13. Ba3 e4 14. h3 g5 15. Qd2 h6
16. Rae1 Rfe8 17. d5 Nc5 18. Nd4 Bd7 19. Bxc5 dxc5 20. Ne6 Bxe6 21. dxe6 Rad8
22. Qc2 Rxe6 23. Nxe4 Nxe4 24. Rxe4 Rxe4 25. Qxe4 Qe5 26. Qg6 Qf6 27. Qh5 Rf8
28. Be4 Qf7 29. Bg6 Qf3 30. g4 Kg8 31. Bc2 Qf7 32. Bg6 Qf3 33. Bc2 Qf7 34. Bg6
$11 1/2-1/2

[Event "241st YMCA Spring B pff"]
[Site "Warsaw"]
[Date "2021.06.17"]
[Round "10"]
[White "Kwiek, Janusz"]
[Black "Jaroszuk, Marcin"]
[Result "1/2-1/2"]
[WhiteElo "1505"]
[BlackElo "1488"]
[PlyCount "88"]
[EventDate "2021.04.15"]
[EventType "tourn"]
[EventRounds "1"]
[EventCountry "POL"]
[SourceDate "2021.06.10"]

1. c4 Nf6 2. d4 e6 3. Nc3 d5 4. Bg5 c6 5. e3 Be7 6. Nf3 O-O 7. Bd3 Nbd7 8. Qc2
Re8 9. O-O h6 10. Bh4 dxc4 11. Bxc4 Nd5 12. Bxe7 Qxe7 13. a3 Nxc3 14. Qxc3 e5
15. dxe5 Nxe5 16. Nxe5 Qxe5 17. Qxe5 Rxe5 18. Rfd1 Bf5 19. Rd2 Kf8 20. Rad1 Ke7
21. h3 h5 22. Kf1 Re8 23. Be2 Be6 24. Rd4 Bd5 25. Rb4 b6 26. Rbd4 g6 27. b4 Rd8
28. Bf3 Bxf3 29. Rxd8 Bxd1 30. Rxd1 a5 31. Ke2 axb4 32. axb4 Rd5 33. Rxd5 cxd5
34. Kd3 h4 35. Kd4 Kd6 36. b5 Ke6 37. g3 g5 38. g4 f5 39. f3 fxg4 40. fxg4 Kd6
41. e4 dxe4 42. Kxe4 Ke6 43. Kd4 Kd6 44. Ke4 Ke6 $11 1/2-1/2

[Event "241st YMCA Spring B pff"]
[Site "Warsaw"]
[Date "2021.06.16"]
[Round "10"]
[White "Szumigaj, Marcin"]
[Black "Kuznik, Kamil"]
[Result "1-0"]
[WhiteElo "1460"]
[BlackElo "1505"]
[PlyCount "59"]
[EventDate "2021.04.15"]
[EventType "tourn"]
[EventRounds "1"]
[EventCountry "POL"]
[SourceDate "2021.06.10"]

1. d4 Nf6 2. c4 g6 3. Nc3 d5 4. cxd5 Nxd5 5. e4 Nxc3 6. bxc3 Bg7 7. Nf3 c5 8.
Rb1 Nc6 9. d5 Bxc3+ 10. Bd2 Bxd2+ 11. Qxd2 Nb4 12. a3 Na6 13. Bb5+ Bd7 14. Bc4
O-O 15. h4 Nc7 16. h5 b5 17. hxg6 fxg6 18. Qh6 Rf7 19. Ng5 Rg7 20. Nxh7 bxc4
21. Ng5 Kf8 22. Qh8+ Rg8 23. Qe5 Ne8 24. Rh7 Ng7 25. Qf4+ Nf5 26. exf5 Qa5+ 27.
Kf1 gxf5 28. Rb8+ Rxb8 29. Qxb8+ Be8 30. Ne6# 1-0

[Event "241st YMCA Spring B pff"]
[Site "Warsaw"]
[Date "2021.06.24"]
[Round "11"]
[White "Nawalaniec, Adam"]
[Black "Mazurek, Jerzy"]
[Result "1-0"]
[WhiteElo "1639"]
[BlackElo "1720"]
[PlyCount "93"]
[EventDate "2021.04.15"]
[EventType "tourn"]
[EventRounds "1"]
[EventCountry "POL"]
[SourceDate "2021.06.10"]

1. e4 c5 2. Nf3 d6 3. d3 g6 4. g3 Bg7 5. Bg2 Nc6 6. O-O e5 7. c3 Nge7 8. Nbd2
O-O 9. Nb3 b5 10. a4 b4 11. Bd2 Rb8 12. Nc1 h6 13. Ne1 Be6 14. c4 Qd7 15. Rb1
Nd4 16. b3 f5 17. Ne2 Nxe2+ 18. Qxe2 f4 19. d4 fxg3 20. hxg3 exd4 21. Nd3 Nc6
22. f4 Bg4 23. Bf3 Bxf3 24. Qxf3 Ne5 25. Qe2 Nxd3 26. Qxd3 Rbe8 27. Rbe1 Qg4
28. Kg2 $11 Re7 29. Rf2 Rfe8 30. Rfe2 h5 31. Rh1 g5 32. Rhe1 h4 33. Qf3 $11
Qxg3+ 34. Qxg3 hxg3 35. Kxg3 d3 36. Rg2 Rxe4 37. Rxe4 Rxe4 38. Kf3 Re2 39. Rxe2
dxe2 40. fxg5 Be5 41. Kxe2 Kf7 42. Kd3 Ke6 43. Ke4 Bg7 44. g6 Kf6 45. Kd5 Bf8
46. Bf4 Kxg6 47. Bxd6 1-0

[Event "241st YMCA Spring B pff"]
[Site "Warsaw"]
[Date "2021.06.24"]
[Round "11"]
[White "Kwiek, Janusz"]
[Black "Szumigaj, Marcin"]
[Result "0-1"]
[WhiteElo "1505"]
[BlackElo "1460"]
[PlyCount "76"]
[EventDate "2021.04.15"]
[EventType "tourn"]
[EventRounds "1"]
[EventCountry "POL"]
[SourceDate "2021.06.10"]

1. c4 e5 2. Nc3 Nf6 3. e4 Bb4 4. a3 Bxc3 5. dxc3 O-O 6. Bd3 h6 7. Nf3 d6 8. O-O
Nbd7 9. Re1 Nc5 10. Bc2 Be6 11. b4 Ncd7 12. Bd3 Bg4 13. h3 Bh5 14. Bd2 Qe7 15.
Qe2 Qe6 16. a4 a5 17. Be3 g5 18. Qf1 Kh7 19. g4 Nxg4 20. hxg4 Qxg4+ 21. Qg2
Qxf3 22. Qxf3 Bxf3 23. Kh2 f5 24. exf5 e4 25. Be2 Ne5 26. Kg3 Rxf5 27. Bf1 h5
28. Rab1 h4+ 29. Kh3 Bg4+ 30. Kg2 h3+ 31. Kg3 Kg6 32. Bd4 Rf3+ 33. Kh2 Bf5 34.
Be2 Ng4+ 35. Kg1 Rf4 36. bxa5 e3 37. fxe3 h2+ 38. Kh1 Be4+ 0-1

[Event "241st YMCA Spring B pff"]
[Site "Warsaw"]
[Date "2021.06.24"]
[Round "11"]
[White "Kuznik, Kamil"]
[Black "Jaroszuk, Marcin"]
[Result "0-1"]
[WhiteElo "1505"]
[BlackElo "1488"]
[PlyCount "30"]
[EventDate "2021.04.15"]
[EventType "tourn"]
[EventRounds "1"]
[EventCountry "POL"]
[SourceDate "2021.06.10"]

1. e4 e5 2. Nf3 Nc6 3. d4 exd4 4. Nxd4 Nf6 5. Nxc6 bxc6 6. e5 Qe7 7. Qe2 Nd5 8.
c4 Ba6 9. b3 Qh4 10. Bb2 Bb4+ 11. Nd2 Nc3 12. Bxc3 Bxc3 13. Rc1 Qd4 14. g3
Bxd2+ 15. Qxd2 Qe4+ 0-1